Statistics for Building Style by City 1

Click here to take the quiz!

General Stats

  • This quiz has been taken 18 times
  • The average score is 7 of 12

Answer Stats

Answer% Correct
New Orleans
90%
Paris
80%
Rome
80%
Boston
60%
San Francisco
60%
Tokyo
60%
Baltimore
50%
Chicago
50%
Madrid
50%
Philadelphia
30%
Saint Petersburg/Moscow
30%
Washington
30%

Score Distribution

Percentile by Number Answered

Percent of People with Each Score

Your Score History

You have not taken this quiz